[Event "CAN-ch w"]
[Site "Toronto CAN"]
[Date "2025.04.18"]
[Round "3.9"]
[White "Roque, Alexa"]
[Black "Fiset, Anais Chloe"]
[Result "0-1"]
[WhiteElo "1610"]
[BlackElo "1808"]
[WhiteFideId "-1"]
[WhiteFideId "-1"]
[PlyCount "88"]
[GameId "2171297235438669"]
[EventDate "2025.04.17"]
[EventType "swiss"]
[EventRounds "9"]
[EventCountry "CAN"]

1. d4 d5 2. c4 e6 3. Nf3 a6 4. Nc3 dxc4 5. e4 b5 6. a4 b4 7. Ne2 Bb7 8. Ng3 Nf6 9. e5 Nd5 10. Bxc4 c5 11. O-O Be7 12. Ne4 cxd4 13. Qxd4 O-O 14. Bg5 Bxg5 15. Nexg5 h6 16. Qh4 Nd7 17. Rfe1 Qe7 18. Rac1 N5b6 19. Ba2 Bxf3 20. Nxf3 Qxh4 21. Nxh4 Nxa4 22. b3 Nc3 23. Bb1 Rac8 24. Bd3 Nc5 25. Bc4 Nxb3 26. Rxc3 Nd2 27. Rc2 Nxc4 28. Rec1 Nb6 29. Rxc8 Rxc8 30. Rxc8+ Nxc8 31. Nf3 a5 32. Nd2 Kf8 33. Kf1 Ke7 34. Ke1 Kd7 35. Kd1 Kc6 36. Kc2 Kd5 37. f4 a4 38. Kd3 Nb6 39. g3 a3 40. Kc2 Nc4 41. Nb3 Ne3+ 42. Kd3 Nf1 43. h3 Nxg3 44. h4 Ne4 0-1

[Event "CAN-ch w"]
[Site "Toronto CAN"]
[Date "2025.04.18"]
[Round "3.10"]
[White "Zhang, Michelle"]
[Black "Sreekumar, Gayathri"]
[Result "1-0"]
[WhiteElo "1793"]
[BlackElo "1485"]
[WhiteFideId "-1"]
[WhiteFideId "-1"]
[PlyCount "97"]
[GameId "2171299526237269"]
[EventDate "2025.04.17"]
[EventType "swiss"]
[EventRounds "9"]
[EventCountry "CAN"]

1. e4 c5 2. Nf3 d6 3. d4 cxd4 4. Nxd4 Nf6 5. Nc3 Nc6 6. Be2 Bd7 7. Be3 g6 8. O-O Bg7 9. f4 O-O 10. h3 Nxd4 11. Bxd4 Bc6 12. Bf3 Nd7 13. Bxg7 Kxg7 14. Qd4+ e5 15. Qxd6 exf4 16. Nd5 Bxd5 17. exd5 Qb6+ 18. Qxb6 Nxb6 19. b3 Rad8 20. c4 Nd7 21. Rac1 Ne5 22. Be2 Rfe8 23. Rxf4 Nd7 24. Bf3 Ne5 25. Be2 Nd7 26. Kf1 Nc5 27. Rd4 Ne4 28. Bf3 Ng3+ 29. Kf2 Nf5 30. Re4 Nd6 31. Rxe8 Rxe8 32. c5 Ne4+ 33. Bxe4 Rxe4 34. Rd1 Re8 35. d6 Kf6 36. b4 a6 37. a4 Ke6 38. Re1+ Kd7 39. Rxe8 Kxe8 40. Ke3 Kd7 41. Kd4 f6 42. Kd5 h5 43. b5 axb5 44. axb5 g5 45. c6+ bxc6+ 46. bxc6+ Kd8 47. Ke6 g4 48. c7+ Kc8 49. Ke7 1-0

[Event "CAN-ch w"]
[Site "Toronto CAN"]
[Date "2025.04.18"]
[Round "3.11"]
[White "Guan, Marie"]
[Black "Dela Torre, Marife"]
[Result "0-1"]
[WhiteElo "1549"]
[BlackElo "1789"]
[WhiteFideId "-1"]
[WhiteFideId "-1"]
[PlyCount "74"]
[GameId "2171302424955997"]
[EventDate "2025.04.17"]
[EventType "swiss"]
[EventRounds "9"]
[EventCountry "CAN"]

1. e4 c6 2. d4 d5 3. e5 Bf5 4. h4 h5 5. Bd3 Bxd3 6. Qxd3 e6 7. Bg5 Qa5+ 8. Nd2 Ne7 9. Nh3 Qa6 10. Qf3 Nf5 11. c3 c5 12. Be3 Nc6 13. Qf4 cxd4 14. Bxd4 Nfxd4 15. cxd4 Nb4 16. Qf3 Nc2+ 17. Kd1 Nxd4 18. Qe3 Bc5 19. Nb3 Qa4 20. Qc3 b6 21. Nf4 Nxb3 22. Qxb3 Qxf4 23. Rh3 O-O 24. Rg3 Qd4+ 25. Kc1 Qc4+ 26. Qc3 Qxc3+ 27. bxc3 Bxf2 28. Rf3 Bxh4 29. Rh3 Bg5+ 30. Kc2 Rac8 31. Rxh5 f6 32. Rf1 d4 33. Rf3 Rxc3+ 34. Rxc3 dxc3 35. Kxc3 Rc8+ 36. Kb3 Rc5 37. exf6 gxf6 0-1

[Event "CAN-ch w"]
[Site "Toronto CAN"]
[Date "2025.04.18"]
[Round "3.12"]
[White "Poorna Prakash, Roshini"]
[Black "Yuan, Arianna"]
[Result "1-0"]
[WhiteElo "1748"]
[BlackElo "1421"]
[WhiteFideId "-1"]
[WhiteFideId "-1"]
[PlyCount "60"]
[GameId "2171309023636581"]
[EventDate "2025.04.17"]
[EventType "swiss"]
[EventRounds "9"]
[EventCountry "CAN"]

1. d4 d5 2. Nf3 Bf5 3. Bg5 h6 4. Bh4 Nc6 5. c3 Nf6 6. e3 e6 7. Bd3 Bxd3 8. Qxd3 a6 9. Nbd2 Be7 10. O-O g5 11. Bg3 Bd6 12. e4 dxe4 13. Nxe4 Nxe4 14. Qxe4 Qe7 15. Rae1 Bxg3 16. fxg3 O-O-O 17. b4 h5 18. Ne5 Nxe5 19. Qxe5 Rh6 20. d5 g4 21. Re2 Qf8 22. dxe6 Rd1 23. Rxd1 Rxe6 24. Qf5 Qe7 25. Rxe6 fxe6 26. Qxh5 Kb8 27. Qxg4 e5 28. Qe4 Qe6 29. Qd5 Qf6 30. Qd8+ Ka7 1-0

[Event "CAN-ch w"]
[Site "Toronto CAN"]
[Date "2025.04.18"]
[Round "3.13"]
[White "Fu, Ashley"]
[Black "Chen, Shuang"]
[Result "1/2-1/2"]
[WhiteElo "1535"]
[BlackElo "1723"]
[WhiteFideId "-1"]
[WhiteFideId "-1"]
[PlyCount "158"]
[GameId "2171310575697005"]
[EventDate "2025.04.17"]
[EventType "swiss"]
[EventRounds "9"]
[EventCountry "CAN"]

1. e4 c5 2. Nf3 Nc6 3. Bb5 g6 4. O-O Bg7 5. c3 e6 6. d4 cxd4 7. cxd4 d5 8. exd5 exd5 9. Re1+ Nge7 10. Bg5 O-O 11. Bxc6 f6 12. Bxf6 Bxf6 13. Bb5 Qb6 14. Qb3 Bg4 15. Nbd2 Rad8 16. Rad1 Nf5 17. Be2 Nxd4 18. Qxb6 Nxe2+ 19. Rxe2 axb6 20. h3 Bf5 21. Nb3 Be4 22. Nfd4 Ra8 23. f3 Bf5 24. Nxf5 gxf5 25. a3 Rae8 26. Red2 f4 27. Rxd5 Bxb2 28. Rd6 Bxa3 29. Rxb6 Rf7 30. Ra1 Be7 31. Rxb7 Bh4 32. Rxf7 Kxf7 33. Nc5 Re2 34. Ne4 Rc2 35. Ra5 Kg6 36. Ra6+ Kg7 37. Ra1 Rb2 38. Rd1 Rc2 39. Kf1 Rb2 40. Rd2 Rb1+ 41. Ke2 Re1+ 42. Kd3 Re3+ 43. Kd4 Bf6+ 44. Kc5 Bh4 45. Kd5 Kg6 46. Ke5 Bg3 47. Rd6+ Kg7 48. Kf5 Re2 49. Rd7+ Kf8 50. Nxg3 fxg3 51. Rxh7 Rxg2 52. Kf4 Rg1 53. Rh4 Kf7 54. Rg4 g2 55. Kg3 Kf6 56. Kh2 Ra1 57. Kxg2 Ra5 58. Kg3 Rh5 59. h4 Rd5 60. Rf4+ Kg6 61. Kg4 Rc5 62. Re4 Rc6 63. h5+ Kg7 64. f4 Kh6 65. f5 Rc1 66. Re6+ Kg7 67. Rg6+ Kf7 68. Kg5 Rg1+ 69. Kh6 Rf1 70. Rg7+ Kf6 71. Rg8 Kf7 72. Rg5 Rf2 73. Kh7 Kf6 74. Kh6 Kf7 75. Rg7+ Kf6 76. Rg6+ Kxf5 77. Kg7 Ra2 78. Rf6+ Kg5 79. Rg6+ Kxh5 1/2-1/2

[Event "CAN-ch w"]
[Site "Toronto CAN"]
[Date "2025.04.18"]
[Round "3.14"]
[White "Yancey, Alice"]
[Black "Divadalage, Sanya"]
[Result "1-0"]
[WhiteElo "1690"]
[BlackElo "1424"]
[WhiteFideId "-1"]
[WhiteFideId "-1"]
[PlyCount "145"]
[GameId "2171313106218101"]
[EventDate "2025.04.17"]
[EventType "swiss"]
[EventRounds "9"]
[EventCountry "CAN"]

1. e4 c5 2. Nf3 e6 3. d4 cxd4 4. Nxd4 a6 5. Bd3 Qc7 6. O-O Nf6 7. c4 b6 8. Qe2 d6 9. Nc3 Bb7 10. Be3 Nbd7 11. Rac1 Nc5 12. f3 Be7 13. b3 O-O 14. g4 Rad8 15. Kg2 Qd7 16. Bc2 d5 17. e5 Ne8 18. b4 f6 19. bxc5 bxc5 20. Nb3 d4 21. Rcd1 Qc8 22. Nxd4 cxd4 23. Bxd4 f5 24. gxf5 exf5 25. Kh1 Qe6 26. Bb3 Kh8 27. Nd5 Bd6 28. Nf4 Qh6 29. Be3 Bc7 30. Rxd8 Bxd8 31. Nd5 Qg6 32. Bc5 Rf7 33. Ba3 Nc7 34. Nf4 Qc6 35. e6 Be7 36. exf7 Bxa3 37. Nd5 Ne6 38. Qe5 Bc8 39. Qxf5 Nf8 40. Qe4 Bd7 41. Re1 Qh6 42. Ne7 Bd6 43. Re2 Bh3 44. Nf5 Qc1+ 45. Re1 Qd2 46. f4 Bxf4 47. Ng3 Bg2+ 48. Qxg2 Qxe1+ 49. Qg1 Qe6 50. Qf2 Qxf7 51. Kg1 Qc7 52. Ne2 Bd6 53. Kh1 Bc5 54. Qf3 Qe5 55. Nc3 Qe1+ 56. Kg2 Qg1+ 57. Kh3 Bd6 58. Qe2 Qg6 59. Nd5 Ne6 60. Qg4 Qd3+ 61. Kg2 Qd2+ 62. Kf1 Qd3+ 63. Kg2 Qd2+ 64. Kf1 Qh6 65. h3 g5 66. Kg2 Nf4+ 67. Nxf4 Bxf4 68. Qc8+ Kg7 69. Qb7+ Kg6 70. c5 Qh4 71. Qf7+ Kh6 72. Qf6+ Kh5 73. Bf7# 1-0

[Event "CAN-ch w"]
[Site "Toronto CAN"]
[Date "2025.04.18"]
[Round "3.15"]
[White "Cloutier, Annabelle"]
[Black "Sreekumar, Gauri"]
[Result "1-0"]
[WhiteElo "1401"]
[BlackElo "1674"]
[WhiteFideId "-1"]
[WhiteFideId "-1"]
[PlyCount "45"]
[GameId "2171581855482338"]
[EventDate "2025.04.17"]
[EventType "swiss"]
[EventRounds "9"]
[EventCountry "CAN"]

1. Nf3 c5 2. c4 Nf6 3. Nc3 Nc6 4. g3 e6 5. Bg2 d5 6. cxd5 exd5 7. d4 Be7 8. O-O O-O 9. Bg5 c4 10. a3 Na5 11. Ne5 Be6 12. Qc2 Nb3 13. Rad1 h6 14. Bxf6 Bxf6 15. f4 Bxe5 16. fxe5 a6 17. e4 Bg4 18. Bf3 Bxf3 19. Rxf3 dxe4 20. Qxe4 Qb6 21. Rf6 gxf6 22. Nd5 Nc5 23. Qg4+ 1-0

[Event "CAN-ch w"]
[Site "Toronto CAN"]
[Date "2025.04.18"]
[Round "3.16"]
[White "Li, Alyssa"]
[Black "Kamath, Nikita"]
[Result "0-1"]
[WhiteElo "1464"]
[BlackElo "1607"]
[WhiteFideId "-1"]
[WhiteFideId "-1"]
[PlyCount "104"]
[GameId "2171344525697111"]
[EventDate "2025.04.17"]
[EventType "swiss"]
[EventRounds "9"]
[EventCountry "CAN"]

1. e4 c6 2. d4 d5 3. Nc3 dxe4 4. Nxe4 Bf5 5. Nc3 Nf6 6. Nf3 e6 7. Be2 Nbd7 8. O-O Bd6 9. Be3 O-O 10. Qd2 Rc8 11. Bf4 Bxf4 12. Qxf4 Bxc2 13. Rac1 Nd5 14. Nxd5 cxd5 15. Qd2 Bf5 16. Rxc8 Qxc8 17. Rc1 Qb8 18. Qc3 Nb6 19. Qc7 Rc8 20. Qxb8 Rxb8 21. Bb5 Rc8 22. Rxc8+ Nxc8 23. Kf1 Nd6 24. Be2 Kf8 25. Ke1 Ke7 26. Kd2 Kd7 27. Ke3 f6 28. Nd2 g5 29. Nb3 b6 30. Nd2 Bg6 31. g4 e5 32. Bd3 e4 33. Bc2 f5 34. h3 f4+ 35. Ke2 a5 36. Bb3 Kc6 37. f3 e3 38. Nf1 Nc4 39. Bxc4 dxc4 40. Nxe3 fxe3 41. Kxe3 Kd5 42. f4 gxf4+ 43. Kxf4 Kxd4 44. h4 c3 45. bxc3+ Kxc3 46. h5 Bc2 47. Kg5 Kb2 48. Kh6 Kxa2 49. g5 b5 50. g6 hxg6 51. hxg6 Bxg6 52. Kxg6 b4 0-1

[Event "CAN-ch w"]
[Site "Toronto CAN"]
[Date "2025.04.18"]
[Round "3.17"]
[White "Zhou, Lily"]
[Black "Xiao, Stephanie"]
[Result "1/2-1/2"]
[WhiteElo "1765"]
[BlackElo "1405"]
[WhiteFideId "-1"]
[WhiteFideId "-1"]
[PlyCount "72"]
[GameId "2171346327208031"]
[EventDate "2025.04.17"]
[EventType "swiss"]
[EventRounds "9"]
[EventCountry "CAN"]

1. d4 d5 2. c4 e6 3. Nc3 Nf6 4. cxd5 exd5 5. Bg5 Be7 6. e3 h6 7. Bh4 c6 8. Nf3 Bg4 9. Bd3 Nbd7 10. O-O O-O 11. h3 Bh5 12. Rb1 Ne4 13. Bxe7 Qxe7 14. Be2 Bg6 15. Bd3 Bh5 16. Be2 Rfe8 17. Nd2 Nxd2 18. Qxd2 Bxe2 19. Qxe2 Nf6 20. Rfc1 Rac8 21. b4 Ne4 22. Nxe4 dxe4 23. Rc4 Red8 24. Rbc1 Rd5 25. a4 a5 26. b5 c5 27. Qg4 Rc7 28. Rxc5 Rdxc5 29. Rxc5 Rxc5 30. dxc5 Qxc5 31. Qxe4 Qc8 32. Qd4 Qc1+ 33. Kh2 Qc7+ 34. Kg1 Qc1+ 35. Kh2 Qc7+ 36. Kg1 Qc1+ 1/2-1/2

[Event "CAN-ch w"]
[Site "Toronto CAN"]
[Date "2025.04.18"]
[Round "3.18"]
[White "Hitchlock, Veronica"]
[Black "Malaviya, Bhakti"]
[Result "0-1"]
[WhiteElo "1644"]
[BlackElo "1486"]
[WhiteFideId "-1"]
[WhiteFideId "-1"]
[PlyCount "90"]
[GameId "2171347377905767"]
[EventDate "2025.04.17"]
[EventType "swiss"]
[EventRounds "9"]
[EventCountry "CAN"]

1. c4 f5 2. Nc3 Nf6 3. Nf3 e6 4. g3 Be7 5. Bg2 O-O 6. d4 d6 7. O-O Ne4 8. Qc2 Nxc3 9. Qxc3 Nd7 10. b3 Qe8 11. Bb2 Bf6 12. Qc2 e5 13. dxe5 dxe5 14. Qxf5 e4 15. Ng5 Qh5 16. Qd5+ Kh8 17. Bxf6 Nxf6 18. Qd2 Bf5 19. h4 Rad8 20. Qa5 h6 21. Nxe4 Nxe4 22. Bxe4 b6 23. Qb5 a6 24. Qc6 Qxe2 25. Bxf5 Rxf5 26. Qxc7 Rdf8 27. Qxb6 Qg4 28. Kg2 Qf3+ 29. Kh3 Rf4 30. Rae1 h5 31. Qg6 R4f5 32. Re3 Qb7 33. Rc3 Qc8 34. Kh2 R8f6 35. Qxf6 Rxf6 36. c5 Qc6 37. f4 Rf5 38. b4 a5 39. a3 Rd5 40. Rf2 axb4 41. axb4 Rd1 42. Rff3 Qd5 43. Rcd3 Rxd3 44. Rf1 Rd2+ 45. Kh3 Qg2# 0-1

[Event "CAN-ch w"]
[Site "Toronto CAN"]
[Date "2025.04.18"]
[Round "3.19"]
[White "Auger, Anastasia"]
[Black "Wangluo, Joanne"]
[Result "1/2-1/2"]
[WhiteElo "1618"]
[BlackElo "1541"]
[WhiteFideId "-1"]
[WhiteFideId "-1"]
[PlyCount "56"]
[GameId "2171350056222834"]
[EventDate "2025.04.17"]
[EventType "swiss"]
[EventRounds "9"]
[EventCountry "CAN"]

1. e4 c5 2. Nc3 e6 3. f4 a6 4. Nf3 b5 5. d4 cxd4 6. Nxd4 Bb7 7. Bd3 d6 8. O-O Nf6 9. Qe2 Be7 10. f5 e5 11. Nf3 Nbd7 12. a3 Qc7 13. Bg5 Rc8 14. Rad1 O-O 15. Bh4 Rfd8 16. g4 Nb6 17. Bxf6 gxf6 18. h4 Kh8 19. Kh1 Nc4 20. Bxc4 Qxc4 21. Rd3 Rg8 22. Rg1 Rg7 23. g5 Rcg8 24. b3 Qc5 25. Qd2 Qb6 26. Rg2 Qc5 27. Rg1 Qb6 28. Rg2 Qc5 1/2-1/2

[Event "CAN-ch w"]
[Site "Toronto CAN"]
[Date "2025.04.18"]
[Round "3.20"]
[White "Abbarin, Shabnam"]
[Black "Manikandan Reddia Gowder, Kavira"]
[Result "1-0"]
[WhiteElo "1579"]
[BlackElo "1450"]
[WhiteFideId "-1"]
[WhiteFideId "-1"]
[PlyCount "57"]
[GameId "2171351522427002"]
[EventDate "2025.04.17"]
[EventType "swiss"]
[EventRounds "9"]
[EventCountry "CAN"]

1. e4 c6 2. d4 d5 3. exd5 cxd5 4. Bf4 Nc6 5. c3 Nf6 6. Bd3 Bg4 7. f3 Bc8 8. Nd2 e6 9. Ne2 Bd6 10. Bxd6 Qxd6 11. Qc2 O-O 12. g4 h6 13. h4 Nd7 14. f4 Ne7 15. h5 f5 16. g5 Rf7 17. Nf3 b6 18. Bb5 Nc6 19. Qd2 Bb7 20. Nc1 a6 21. Bxc6 Bxc6 22. Nd3 Bb5 23. Nde5 Nxe5 24. Nxe5 Re7 25. Rg1 Kh7 26. Qg2 Rg8 27. g6+ Kh8 28. Nf7+ Rxf7 29. gxf7 1-0

[Event "CAN-ch w"]
[Site "Toronto CAN"]
[Date "2025.04.18"]
[Round "3.21"]
[White "Dolderman, Clara"]
[Black "Yeung, Marissa"]
[Result "1-0"]
[WhiteElo "1474"]
[BlackElo "1413"]
[WhiteFideId "-1"]
[WhiteFideId "-1"]
[PlyCount "57"]
[GameId "2171352699912322"]
[EventDate "2025.04.17"]
[EventType "swiss"]
[EventRounds "9"]
[EventCountry "CAN"]

1. c4 e5 2. g3 Nf6 3. Bg2 d5 4. cxd5 Nxd5 5. Nc3 Nf6 6. Nf3 Bc5 7. Nxe5 Qd4 8. Qa4+ Qxa4 9. Nxa4 Bd4 10. Nf3 Ng4 11. Nxd4 O-O 12. b3 f5 13. d3 Na6 14. Ne6 Rf6 15. Nec5 Nxc5 16. Nxc5 c6 17. h3 Ne5 18. Bb2 b6 19. Bxe5 Rf8 20. Bxc6 bxc5 21. Bxa8 Re8 22. f4 Bd7 23. Bd5+ Be6 24. Bxe6+ Rxe6 25. Rc1 Rc6 26. d4 Ra6 27. Rc2 cxd4 28. Bxd4 Rd6 29. Bxa7 1-0

[Event "CAN-ch w"]
[Site "Toronto CAN"]
[Date "2025.04.22"]
[Round "3.22"]
[White "Sherwood, Noelle"]
[Black "Guan, Isabelle"]
[Result "0-1"]
[WhiteElo "1664"]
[BlackElo "1454"]
[WhiteFideId "-1"]
[WhiteFideId "-1"]
[PlyCount "68"]
[GameId "2171353666515082"]
[EventDate "2025.04.17"]
[EventType "swiss"]
[EventRounds "9"]
[EventCountry "CAN"]

1. Nf3 Nc6 2. g3 d5 3. Bg2 Nf6 4. O-O e5 5. d3 Be6 6. c3 Bd6 7. Bg5 h6 8. Bd2 Qd7 9. b4 Bh3 10. Qa4 O-O 11. b5 Ne7 12. e4 a6 13. exd5 Nfxd5 14. c4 Nf6 15. Nc3 axb5 16. Qxb5 c6 17. Qb1 Ng6 18. Qc2 Rad8 19. Rfe1 Bf5 20. Ne4 Nxe4 21. dxe4 Bg4 22. Rab1 f5 23. Nh4 Nxh4 24. gxh4 f4 25. f3 Bh3 26. Qb3 Bc5+ 27. Kh1 Bxg2+ 28. Kxg2 Qxd2+ 29. Kh1 Qf2 30. Rf1 Qxh4 31. Rbd1 Be3 32. Qxb7 Rxd1 33. Rxd1 Qf2 34. h3 Qxf3+ 0-1

[Event "CAN-ch w"]
[Site "Toronto CAN"]
[Date "2025.04.19"]
[Round "4.1"]
[White "Kucherenko, Olena"]
[Black "Qian, Ashley"]
[Result "0-1"]
[WhiteElo "2049"]
[BlackElo "1943"]
[WhiteFideId "-1"]
[WhiteFideId "-1"]
[PlyCount "136"]
[GameId "2170886505584099"]
[EventDate "2025.04.17"]
[EventType "swiss"]
[EventRounds "9"]
[EventCountry "CAN"]

1. e4 c5 2. Nc3 d6 3. g3 Nc6 4. Bg2 g6 5. d3 Bg7 6. Be3 e6 7. Qd2 Rb8 8. Nge2 Nd4 9. O-O Ne7 10. Nd1 b5 11. Nxd4 cxd4 12. Bh6 O-O 13. h4 d5 14. h5 dxe4 15. Bxg7 Kxg7 16. h6+ Kg8 17. Qf4 Rb6 18. dxe4 f6 19. f3 Nc6 20. Nf2 Ne5 21. b3 Nf7 22. a4 e5 23. Qd2 b4 24. a5 Rb8 25. Ra4 Bd7 26. Ra2 Qe7 27. Rd1 Rfc8 28. Bf1 Rc3 29. Bd3 Bb5 30. Kg2 Qc7 31. Qe2 Bxd3 32. Nxd3 Nxh6 33. Rh1 Nf7 34. Kg1 Kg7 35. Rh2 a6 36. Ra4 Qe7 37. Nb2 Re3 38. Qd1 Ng5 39. Rf2 Nh3+ 40. Kg2 Nxf2 41. Kxf2 Rc3 42. Nd3 Qc7 43. Ra2 Rb5 44. Rb2 Qxa5 45. Qb1 Rb8 46. Ra2 Qc7 47. Ke2 Qc8 48. g4 Rb6 49. Kd2 Kg8 50. Qa1 Rcc6 51. Qd1 Qf8 52. Qh1 h5 53. g5 fxg5 54. Ra5 Rb5 55. Ra2 Qf6 56. Ke2 a5 57. Qh3 Qe6 58. Qg3 g4 59. f4 exf4 60. Qxf4 Qf6 61. Qg3 Qf3+ 62. Qxf3 gxf3+ 63. Kxf3 Kg7 64. e5 g5 65. Ke4 h4 66. Kf5 h3 67. Kxg5 h2 68. Ra1 Rg6+ 0-1

[Event "CAN-ch w"]
[Site "Toronto CAN"]
[Date "2025.04.19"]
[Round "4.2"]
[White "Mills, Morgen"]
[Black "Ruchinskaya, Valerie"]
[Result "1-0"]
[WhiteElo "2013"]
[BlackElo "1880"]
[WhiteFideId "-1"]
[WhiteFideId "-1"]
[PlyCount "109"]
[GameId "2170886505584101"]
[EventDate "2025.04.17"]
[EventType "swiss"]
[EventRounds "9"]
[EventCountry "CAN"]

1. e4 c5 2. Nf3 e6 3. c3 d5 4. exd5 Qxd5 5. d4 Nf6 6. Be2 Be7 7. O-O O-O 8. Be3 cxd4 9. Nxd4 Rd8 10. Nb5 Qc6 11. Qb3 Bc5 12. Bg5 Nbd7 13. Nd2 a6 14. Nd4 Qb6 15. Qc2 Bxd4 16. cxd4 h6 17. Bh4 Qxd4 18. Nf3 Qc5 19. Qb3 b5 20. Rac1 Qb6 21. Bg3 Nd5 22. Ne5 Bb7 23. Bh5 Nxe5 24. Bxe5 f6 25. Bg3 Rac8 26. h4 Ne7 27. Bf4 Bd5 28. Qg3 Nf5 29. Qg6 Qb7 30. Qg4 Bxa2 31. Bg6 Rd5 32. Bxf5 exf5 33. Qg3 Kf7 34. Rfe1 Rd7 35. Rxc8 Qxc8 36. Qf3 Kf8 37. Qa3+ b4 38. Qxa2 g5 39. Qe6 Qd8 40. Be3 f4 41. Bc5+ Kg7 42. Bxb4 Rd1 43. Qe2 Rd7 44. Qxa6 f3 45. Qe6 Rd1 46. gxf3 Kg6 47. Kg2 Rxe1 48. Bxe1 Kh5 49. Qg4+ Kg6 50. h5+ Kg7 51. Qf5 Qe8 52. Bc3 Qf7 53. b4 g4 54. Qxg4+ Kf8 55. Qg6 1-0

[Event "CAN-ch w"]
[Site "Toronto CAN"]
[Date "2025.04.19"]
[Round "4.3"]
[White "Golubeva, Oksana"]
[Black "Li, Yunshan"]
[Result "0-1"]
[WhiteElo "2132"]
[BlackElo "2233"]
[WhiteFideId "-1"]
[WhiteFideId "-1"]
[PlyCount "174"]
[GameId "2170886505584100"]
[EventDate "2025.04.17"]
[EventType "swiss"]
[EventRounds "9"]
[EventCountry "CAN"]

1. d4 d5 2. Nc3 Nf6 3. Bf4 c6 4. Nf3 g6 5. h3 Bg7 6. e3 O-O 7. g4 Re8 8. Ne5 Nfd7 9. Qf3 f6 10. Nxd7 Nxd7 11. O-O-O e5 12. Bg3 e4 13. Qe2 b5 14. f3 b4 15. Nb1 exf3 16. Qxf3 Qa5 17. h4 Qxa2 18. h5 Ba6 19. hxg6 hxg6 20. Bh3 g5 21. Bf1 Re6 22. Bd3 Bxd3 23. Rxd3 a5 24. Qf5 Nf8 25. Be1 Rae8 26. Bd2 Qc4 27. Rb3 Rb8 28. Rh2 Kf7 29. Nc3 a4 30. Nxa4 Qa6 31. Rxb4 Rxb4 32. Bxb4 Qxa4 33. Bxf8 Qa1+ 34. Kd2 Qg1 35. Re2 Bxf8 36. Qh7+ Bg7 37. Qh5+ Kf8 38. Qh3 Qa1 39. b3 Qa5+ 40. Kd1 Re7 41. Rd2 Qc3 42. Rd3 Qa1+ 43. Kd2 Qg1 44. Qf3 Re4 45. Rc3 Qh2+ 46. Kc1 Qd6 47. Kb2 Kg8 48. Qe2 Bf8 49. Qa6 Re6 50. Qa8 Qd7 51. Rc5 Rxe3 52. Rxc6 Re8 53. Qa4 Bg7 54. Qb5 Ra8 55. b4 Kh8 56. Rc5 Qxg4 57. Qd3 Qd7 58. b5 Bf8 59. Rc6 Rb8 60. Kc1 Kg7 61. Qf3 Be7 62. Qe2 Kf8 63. Qf1 Kf7 64. Qd3 Kg7 65. Qe2 Qa7 66. Ra6 Qc7 67. Kb2 Kf8 68. Qd3 Qc4 69. Qxc4 dxc4 70. Kc3 Rxb5 71. Kxc4 Rb7 72. Kd5 Rd7+ 73. Ke4 Rc7 74. Kd3 Kf7 75. c4 Rd7 76. Ke4 Rd6 77. Ra7 f5+ 78. Ke5 f4 79. d5 f3 80. c5 Rf6 81. d6 Re6+ 82. Kd5 f2 83. d7 f1=Q 84. d8=N+ Kf6 85. Nxe6 Qf5+ 86. Kc6 Qxe6+ 87. Kb5 Bxc5 0-1

[Event "CAN-ch w"]
[Site "Toronto CAN"]
[Date "2025.04.19"]
[Round "4.4"]
[White "Xie, Irene"]
[Black "Demchenko, Svitlana"]
[Result "0-1"]
[WhiteElo "1949"]
[BlackElo "2130"]
[WhiteFideId "-1"]
[WhiteFideId "-1"]
[PlyCount "138"]
[GameId "2170886505584102"]
[EventDate "2025.04.17"]
[EventType "swiss"]
[EventRounds "9"]
[EventCountry "CAN"]

1. e4 e5 2. Nf3 Nc6 3. Bc4 Nf6 4. d3 h6 5. O-O d6 6. c3 g5 7. a4 a5 8. Qb3 Qe7 9. Na3 Nd7 10. Be3 Bg7 11. Nc2 O-O 12. Rfe1 Kh8 13. d4 exd4 14. Ncxd4 Nde5 15. Nxe5 Nxe5 16. Bf1 Qf6 17. f3 Qg6 18. Rad1 Bf6 19. Nb5 Be6 20. Qc2 Rac8 21. Bf2 Rg8 22. Nd4 Bd7 23. Kh1 Qh5 24. Bg3 Ng6 25. Bb5 Bxb5 26. axb5 g4 27. fxg4 Qxg4 28. Nf5 Kh7 29. b6 h5 30. Qd2 Bg5 31. Qd5 h4 32. Qxf7+ Kh8 33. h3 Qh5 34. Bf2 c5 35. Rxd6 Rcf8 36. Qd5 Bf4 37. Qd1 Qg5 38. Rd5 Ne7 39. Rg1 Nxd5 40. Qxd5 Rd8 41. Qxc5 Rd2 42. Bd4+ Kh7 43. Bf2 Rd1 44. Qe7+ Qxe7 45. Nxe7 Rgd8 46. Nd5 Rxg1+ 47. Kxg1 Bg3 48. Bd4 Kg6 49. Kf1 Re8 50. Ke2 Rxe4+ 51. Ne3 Rf4 52. Nc4 a4 53. Na5 Rf7 54. c4 Kf5 55. c5 Ke4 56. Nxb7 Rxb7 57. c6 Rf7 58. Bc5 Kd5 59. c7 Bxc7 60. bxc7 Rxc7 61. Bf2 Rc2+ 62. Kf3 Rxb2 63. Bxh4 Rb3+ 64. Ke2 a3 65. Bf6 a2 66. h4 Ke4 67. h5 Rb1 68. g4 a1=Q 69. Bxa1 Rxa1 0-1

[Event "CAN-ch w"]
[Site "Toronto CAN"]
[Date "2025.04.19"]
[Round "4.5"]
[White "Dela Torre, Marife"]
[Black "Starr, Nava"]
[Result "1-0"]
[WhiteElo "1789"]
[BlackElo "2048"]
[WhiteFideId "-1"]
[WhiteFideId "-1"]
[PlyCount "83"]
[GameId "2170886505584103"]
[EventDate "2025.04.17"]
[EventType "swiss"]
[EventRounds "9"]
[EventCountry "CAN"]

1. d4 Nf6 2. Bf4 c5 3. e3 Qb6 4. Nc3 d6 5. Qd2 Bf5 6. Bb5+ Nbd7 7. a4 cxd4 8. exd4 O-O-O 9. a5 Qc7 10. f3 e5 11. Be3 d5 12. Nge2 Kb8 13. a6 b6 14. dxe5 Nxe5 15. Nd4 Bd7 16. Bf4 Bd6 17. Bxd7 Rxd7 18. Bxe5 Bxe5 19. Ncb5 Qc5 20. O-O-O Rc8 21. g3 Bxd4 22. Nxd4 Qc4 23. Qd3 g6 24. Rhe1 Rdc7 25. Re2 Qa4 26. Kd2 Qb4+ 27. Kc1 Nd7 28. Qb5 Qd6 29. Nb3 Nc5 30. Na5 Rd7 31. Nc4 Qc7 32. Ne5 Rd6 33. Nd3 Nxd3+ 34. Rxd3 Qc5 35. Qxc5 Rxc5 36. Re8+ Rc8 37. Rxc8+ Kxc8 38. Kd2 Kc7 39. Rc3+ Kd7 40. Kd3 b5 41. Ra3 Kc6 42. Kd4 1-0

[Event "CAN-ch w"]
[Site "Toronto CAN"]
[Date "2025.04.19"]
[Round "4.6"]
[White "Jiang, Hancy"]
[Black "Butenko, Zlata"]
[Result "1-0"]
[WhiteElo "1971"]
[BlackElo "1764"]
[WhiteFideId "-1"]
[WhiteFideId "-1"]
[PlyCount "91"]
[GameId "2170886505584104"]
[EventDate "2025.04.17"]
[EventType "swiss"]
[EventRounds "9"]
[EventCountry "CAN"]

1. d4 Nf6 2. c4 g6 3. Nc3 Bg7 4. e4 d6 5. Nf3 Nbd7 6. Be2 O-O 7. O-O e5 8. Be3 h6 9. d5 a5 10. a3 Nc5 11. Nd2 Nh7 12. b4 Na6 13. bxa5 f5 14. f3 f4 15. Bf2 g5 16. Na4 Qe8 17. Rb1 Bf6 18. c5 Be7 19. Nc4 Qg6 20. cxd6 Bxd6 21. Nxd6 cxd6 22. Nb6 Rb8 23. Nxc8 Rfxc8 24. Rxb7 Rxb7 25. Bxa6 Qf7 26. Bxb7 Qxb7 27. Qb1 Qa6 28. Qb6 Ra8 29. Rc1 Qxa5 30. Rc8+ Nf8 31. Rxa8 Qxa8 32. Qxd6 Qa4 33. h3 Qd1+ 34. Kh2 Qa1 35. Bc5 Nh7 36. Qg6+ Kh8 37. Qe8+ Kg7 38. Bd6 Qe1 39. Bxe5+ Nf6 40. Qe7+ Kg8 41. Qe6+ Kf8 42. Qxf6+ Ke8 43. Qc6+ Kf7 44. Qd7+ Kf8 45. Bd6+ Kg8 46. Qe8+ 1-0

[Event "CAN-ch w"]
[Site "Toronto CAN"]
[Date "2025.04.19"]
[Round "4.7"]
[White "Koop, Alison"]
[Black "Deepak, Laksshana"]
[Result "1-0"]
[WhiteElo "1633"]
[BlackElo "1854"]
[WhiteFideId "-1"]
[WhiteFideId "-1"]
[PlyCount "67"]
[GameId "2171367432934738"]
[EventDate "2025.04.17"]
[EventType "swiss"]
[EventRounds "9"]
[EventCountry "CAN"]

1. d4 Nf6 2. c4 e6 3. Nf3 d5 4. Nc3 Bb4 5. Qa4+ Nc6 6. e3 Ne4 7. Qc2 O-O 8. Bd3 f5 9. O-O Be7 10. a3 Kh8 11. b4 Bf6 12. Bb2 Ne7 13. Rad1 c6 14. Ne2 Bd7 15. Ne5 Nd6 16. f3 g5 17. e4 Bg7 18. Ng3 dxc4 19. Bxc4 Nxc4 20. Qxc4 Qe8 21. Nxd7 Qxd7 22. Nh5 Ng8 23. Nxg7 Qxg7 24. Qxe6 Rae8 25. Qb3 fxe4 26. fxe4 Rxe4 27. d5 Nf6 28. d6 Rf4 29. Rxf4 gxf4 30. d7 Qe7 31. Qd3 Qd8 32. Qf5 Kg7 33. Qg5+ Kh8 34. Bxf6+ 1-0